| 000 | | | 03608nmc2a22002413x 450 |
| 001 | | | 2f69c12f-f1e7-410f-a7cf-f208fe6e6ac1 |
| 005 | | | 20210402111252.0 |
| 100 | ## | $a | 20200914l18981909k l0rusy0189 ca |
| 101 | 0# | $a | rus |
| 102 | ## | $a | RU |
| 105 | ## | $a | y### |
| 122 | 2# | $a | d |
| 200 | 1# | $a | Статистические сведения о вывозе и ввозе во Францию зерновых культур, железа и его продуктов |
| | $j | [1898-1909] гг. |
| 215 | ## | $a | 62 л. |
| | $d | 23,5х38 см |
| 251 | ## | $c | Дело |
| 300 | ## | $a | Отдел статистический |
| 371 | ## | $a | Документ не является опубликованным и широко распространяемым |
| 461 | #0 | $1 | 001462bc950-73da-43c4-909a-7b2c52d22778 |
| | $1 | 2001 |
| | $a | Совет съездов представителей промышленности и торговли |
| | $1 | 251 |
| | $c | Фонд |
| | $1 | 852 |
| | $j | 32 |
| 462 | #0 | $1 | 0016d63d908-4edb-4782-94eb-bfaf477d4f70 |
| | $1 | 2001 |
| | $a | Опись № 1 |
| | $1 | 251 |
| | $c | Опись |
| | $1 | 852 |
| | $j | 1 |
| 801 | #0 | $a | RU |
| | $b | РГИА |
| | $c | 20200914 |
| | $g | RCR |
| 801 | #1 | $a | RU |
| | $b | ГлавНИВЦ |
| | $c | 20200914 |
| | $2 | rusmarc |
| 801 | #2 | $a | RU |
| | $b | ПБ им. Б.Н. Ельцина |
| | $c | 20210402 |
| | $g | RCR |
| | $2 | rusmarc |
| 850 | ## | $a | РГИА |
| 852 | ## | $a | РГИА |
| | $e | Федеральное казенное учреждение "Российский государственный исторический архив" (РГИА) |
| | $j | 1109 |
| 937 | ## | $h | РГИА |
| | $d | 12351501 |
| | $a | ASBIBLIO_SCAN |
| 035 | ## | $a | RusGRCC00012478 |
| 856 | ## | $u | http://readingroom.main.prlib.ru/item.aspx?id_node=n160956534&mode=full |